Loading...
Science - Physics | 0 | 6 | 1 | 4 | 55 | 87 | 116.67 | 1 | 3 |
Social Science | 2 | 2 | 0 | 1 | 50 | 44 | 88.00 | 1 | 3 |
Science - Other Science | 2 | 2 | 2 | 0 | 40 | 53 | 80.75 | 2 | 4 |
Science - Chemistry | 0 | 3 | 0 | 1 | 30 | 82 | 119.00 | 1 | 2 |
Philosophy | 0 | 2 | 0 | 1 | 20 | 109 | 124.00 | 0 | 1 |
Fine Arts - Painting and Sculpture | 0 | 2 | 0 | 1 | 20 | 133 | 147.50 | 0 | 0 |
Current Events | 1 | 0 | 0 | 0 | 15 | 59 | 59.00 | 0 | 1 |
Science - Biology | 0 | 2 | 1 | 1 | 15 | 131 | 131.50 | 0 | 2 |
Geography | 0 | 1 | 1 | 0 | 5 | 126 | 126.00 | 0 | 0 |
Fine Arts - Classical Music | 0 | 0 | 0 | 0 | 0 | 0.00 | 0 | 0 | |
History - European History | 0 | 0 | 1 | 0 | -5 | 0.00 | 0 | 0 | |
Fine Arts - Other Fine Arts | 0 | 0 | 1 | 0 | -5 | 0.00 | 0 | 0 |